Estadísticas para Capitales del mundo por las dos primeras letras en tres minutos

Haz click aquí para intentar la prueba.

Estadísticas generales

  • Esta prueba ha sido intentada 510 veces
  • La puntuación promedio es 167 de 197

Estadísticas de respuestas

paísciudad capital% Correcto
PanamáCiudad de Panamá
100%
Ciudad del VaticanoCiudad del Vaticano
99%
EspañaMadrid
99%
Islas MarshallMajuro
99%
Guinea EcuatorialMalabo
99%
MaldivasMalé
99%
NicaraguaManagua
99%
BaréinManama
99%
FilipinasManila
99%
MozambiqueMaputo
99%
OmánMascate
99%
LesotoMaseru
99%
SomaliaMogadiscio
99%
MónacoMónaco
99%
LiberiaMonrovia
99%
UruguayMontevideo
99%
ComorasMoroni
99%
RusiaMoscú
99%
ChinaPekín
99%
SudáfricaPretoria, Ciudad del
Cabo o Bloemfontein
99%
LíbanoBeirut
98%
SerbiaBelgrado
98%
BeliceBelmopán
98%
AlemaniaBerlín
98%
SuizaBerna
98%
RumaniaBucarest
98%
HungríaBudapest
98%
ArgentinaBuenos Aires
98%
MaltaLa Valeta
98%
GabónLibreville
98%
MalauiLilongüe
98%
PerúLima
98%
PortugalLisboa
98%
EsloveniaLiubliana
98%
MicronesiaPalikir
98%
SurinamParamaribo
98%
FranciaParís
98%
GranadaSaint George
98%
Antigua y BarbudaSaint John's
98%
YemenSaná
98%
Costa RicaSan José
98%
San MarinoSan Marino
98%
El SalvadorSan Salvador
98%
ChileSantiago
98%
República DominicanaSanto Domingo
98%
Santo Tomé y PríncipeSanto Tomé
98%
Bosnia y HerzegovinaSarajevo
98%
BenínPorto-Novo o
Cotonou
97%
Sri LankaColombo
96%
BoliviaLa Paz o Sucre
96%
KazajistánNur-Sultan
96%
AndorraAndorra la Vieja
95%
TurquíaAnkara
95%
MadagascarAntananarivo
95%
BrasilBrasilia
95%
EslovaquiaBratislava
95%
CongoBrazzaville
95%
BarbadosBridgetown
95%
BélgicaBruselas
95%
GuineaConakri
95%
DinamarcaCopenhague
95%
CubaLa Habana
95%
BielorrusiaMinsk
95%
SeychellesVictoria
95%
AustriaViena
95%
LaosVientián
95%
LituaniaVilna
95%
EgiptoEl Cairo
94%
ItaliaRoma
94%
DominicaRoseau
94%
AustraliaCanberra
93%
VenezuelaCaracas
93%
Santa LucíaCastries
93%
IrlandaDublin
93%
TayikistánDusambé
93%
UcraniaKiev
93%
RuandaKigali
93%
JamaicaKingston
93%
San Vicente y
las Granadinas
Kingstown
93%
Rep Dem CongoKinsasa
93%
TogoLomé
93%
Reino UnidoLondres
93%
AngolaLuanda
93%
ZambiaLusaka
93%
LuxemburgoLuxemburgo
93%
BulgariaSofía
93%
GeorgiaTiflis
93%
ButánTimbu
93%
AlbaniaTirana
93%
IrakBagdad
92%
AzerbaiyánBakú
92%
MalíBamako
92%
BrunéiBandar Seri Begawan
92%
TailandiaBangkok
92%
República CentroafricanaBangui
92%
GambiaBanjul
92%
San Cristóbal y NievesBasseterre
92%
LiechtensteinVaduz
92%
PoloniaVarsovia
92%
MéxicoCiudad de México
91%
PalestinaRamala o
Jerusalén Este
91%
IslandiaReikiavik
91%
HondurasTegucigalpa
90%
IránTeherán
90%
JapónTokio
90%
GreciaAtenas
89%
MauritaniaNuakchot
89%
IndiaNueva Delhi
89%
TongaNukualofa
89%
ChequiaPraga
89%
Cabo VerdePraia
89%
KosovoPristina
89%
Arabia SauditaRiad
89%
LetoniaRiga
89%
Corea del SurSeúl
89%
TaiwánTaipéi
89%
EstoniaTallin
89%
KiribatiTarawa Sur
89%
UzbekistánTaskent
89%
FinlandiaHelsinki
88%
NoruegaOslo
88%
CroaciaZagreb
88%
JordaniaAmán
87%
Países BajosÁmsterdam
87%
MontenegroPodgorica
86%
MauricioPort Louis
86%
Papua Nueva GuineaPort Moresby
86%
VanuatuPort Vila
86%
TurkmenistánAsjabad
85%
EritreaAsmara
85%
ParaguayAsunción
85%
GuatemalaCiudad de Guatemala
85%
BangladésDaca
85%
SenegalDakar
85%
SiriaDamasco
85%
SueciaEstocolmo
85%
ColombiaBogotá
83%
AfganistánKabul
82%
UgandaKampala
82%
NepalKatmandú
82%
Estados UnidosWashington
82%
TanzaniaDodoma
81%
CatarDoha
81%
Corea del NortePionyang
81%
NígerNiamey
80%
ChipreNicosia
80%
IsraelJerusalén
78%
MalasiaKuala Lumpur
78%
KuwaitKuwait
78%
MyanmarNaipyidó
78%
KeniaNairobi
78%
BahamasNasáu
78%
SingapurSingapur
78%
Trinidad y TobagoPuerto España
77%
HaitíPuerto Príncipe
77%
EcuadorQuito
75%
MarruecosRabat
73%
Emiratos Árabes UnidosAbu Dhabi
72%
NigeriaAbuya
72%
ArgeliaArgel
71%
Guinea-BissauBisáu
71%
KirguistánBiskek
71%
VietnamHanói
70%
ZimbabueHarare
70%
Macedonia del NorteSkopie
70%
FiyiSuva
70%
IndonesiaYakarta
70%
ChadYamena
70%
Côte d'IvoireYamusukro
70%
NauruYaren
70%
CamerúnYaundé
70%
PalaosNgerulmud
69%
MoldaviaChișinău
68%
MongoliaUlán Bator
66%
CanadáOttawa
65%
GuyanaGeorgetown
64%
CamboyaNom Pen
64%
ArmeniaEreván
63%
PakistánIslamabad
62%
Timor-LesteDili
61%
Nueva ZelandaWellington
61%
TúnezTúnez
57%
EtiopíaAdís Abeba
53%
BotsuanaGaborone
51%
SudánJartum
50%
LibiaTrípoli
50%
YibutiYibuti
45%
BurundiGitega
44%
Islas SalomónHoniara
43%
GhanaAcra
39%
TuvaluFunafuti
37%
NamibiaWindhoek
36%
Sierra LeonaFreetown
34%
Sudán del SurYuba
34%
Burkina FasoUagadugú
33%
SamoaApia
32%
EswatiniMbabane
26%

Distribución de puntuación

Porcentaje por número respondido

Porcentaje de gente con cada puntuación

Historial de tus puntuaciones

No has intentado esta prueba.